000 00484nam a2200205Ia 4500
003 OSt
005 20220923230410.0
006 a|||||r|||| 00| 0
007 ta
008 Pun
024 _a281,085
037 _cTextual
040 _aARTS
_cARTS
_bPun
041 _2Pun
_aPun
082 _aV236wK60, 153N6
245 0 _aਜੱਸਾ ਸਿੰਘ ਆਹਲੂਵਾਲੀਆ
260 _c1996
942 _hV236wK60, 153N6
_cTEXL
_2CC
999 _c384560
_d384560